Les prêtres Decrets; (Record no. 127452)
[ view plain ]
| 000 -LEADER | |
|---|---|
| fixed length control field | 00548nam a22001817 4500 |
| 001 - CONTROL NUMBER | |
| control field | 7707440 |
| 003 - CONTROL NUMBER IDENTIFIER | |
| control field | ARRUPE |
| 005 - DATE AND TIME OF LATEST TRANSACTION | |
| control field | 20180119113908.0 |
| 008 - FIXED-LENGTH DATA ELEMENTS--GENERAL INFORMATION | |
| fixed length control field | 901107s1768 enk 000 0 fre |
| 010 ## - LIBRARY OF CONGRESS CONTROL NUMBER | |
| LC control number | ltf90008429 |
| 040 ## - CATALOGING SOURCE | |
| Original cataloging agency | DLC |
| Transcribing agency | DLC |
| Modifying agency | DLC |
| 050 00 - LIBRARY OF CONGRESS CALL NUMBER | |
| Classification number | BX830.1962 |
| Item number | .A7 U68 |
| 300 ## - PHYSICAL DESCRIPTION | |
| Dimensions | 23cm. |
| 245 04 - TITLE STATEMENT | |
| Title | Les prêtres Decrets; |
| Statement of responsibility, etc | Edited by John Frisque and Yves Congay |
| 260 ## - PUBLICATION, DISTRIBUTION, ETC. (IMPRINT) | |
| Place of publication, distribution, etc | Paris, |
| Date of publication, distribution, etc | 1968. |
| Name of publisher, distributor, etc | Les Editions Du Cerf |
| 300 ## - PHYSICAL DESCRIPTION | |
| Extent | 395p. ; |
| 440 ## - SERIES STATEMENT/ADDED ENTRY--TITLE | |
| Title | Unam sanctam |
| Number of part/section of a work | 68 |
| 9 (RLIN) | 38748 |
| 650 ## - SUBJECT ADDED ENTRY--TOPICAL TERM | |
| Topical term or geographic name as entry element | Clergy |
| General subdivision | Catholic Church |
| 9 (RLIN) | 8837 |
| 650 ## - SUBJECT ADDED ENTRY--TOPICAL TERM | |
| Topical term or geographic name as entry element | Vatican Council. 2nd. |
| General subdivision | Decrees |
| -- | Commentaries |
| 9 (RLIN) | 17478 |
| 700 ## - ADDED ENTRY--PERSONAL NAME | |
| Personal name | Frisque, J |
| Relator term | ed. |
| 9 (RLIN) | 38786 |
| 700 ## - ADDED ENTRY--PERSONAL NAME | |
| Personal name | Congar, Yves |
| Relator term | ed. |
| 9 (RLIN) | 22373 |
| 906 ## - LOCAL DATA ELEMENT F, LDF (RLIN) | |
| a | 0 |
| b | cbc |
| c | premunv |
| d | u |
| e | ncip |
| f | 19 |
| g | y-gencatlg |
| 942 ## - ADDED ENTRY ELEMENTS (KOHA) | |
| Source of classification or shelving scheme | Library of Congress Classification |
| Koha item type | Monograph ( Printed materials) |
| Withdrawn status | Lost status | Source of classification or shelving scheme | Damaged status | Not for loan | Collection code | Home library | Current library | Shelving location | Date acquired | Total Checkouts | Full call number | Barcode | Date last seen | Price effective from | Koha item type |
|---|---|---|---|---|---|---|---|---|---|---|---|---|---|---|---|
| Library of Congress Classification | Main Collection | ARRUPE LIBRARY | ARRUPE LIBRARY | Main Collection | 19/01/2018 | BX830.1962 .A7 U68 | 46600000834 | 19/01/2018 | 19/01/2018 | Monograph ( Printed materials) |